000 01207cam a2200301 a 4500
999 _c23237
_d23237
001 12812757
005 20170126083247.0
008 020611s2003 ohua b 001 0 eng
010 _a 2002108280
_z 2002075266
020 _a0324114796 (alk. paper)
050 0 0 _aHD30.28 .H586 2003
082 0 0 _a658.4/012
_221
100 1 _aHitt, Michael A.
245 1 0 _aStrategic management :
_bcompetitiveness and globalization /
_cMichael A. Hitt, R. Duane Ireland, Robert E. Hoskisson.
250 _a5th ed.
260 _aMason, Ohio :
_bThomson/South-Western,
_cc2003.
300 _a1 v. (various pagings) :
_bcol. ill. ;
_c27 cm.
500 _a"Concepts and cases"--Cover.
504 _aIncludes bibliographical references and index.
650 0 _aStrategic planning.
650 0 _aIndustrial management.
700 1 _aIreland, R. Duane.
700 1 _aHoskisson, Robert E.
942 _2lcc
_cBOOKS
_hHD30.28 .H586 2003